000 00365nam a2200109Ia 4500
008 160909s9999 xx 000 0 und d
100 _aFink, Lilo
245 _aDiagnosing Fibromyalgia: Using a Diagnostic Screening Tool in Primary Care
260 _bWalden University
_c2016
650 _aNursing
856 _uhttp://pqdtopen.proquest.com/doc/1767790866.html?FMT=ABS
999 _c303907
_d303907